Možnosti využitia sociálnych médií pri zvyšovaní záujmu o ekologické produkty bakalárska práca

Enregistré dans:
Détails bibliographiques
Auteur principal: Baráthová, Bettina
Collectivité auteur: Fakulta podnikového manažmentu EU. Katedra podnikovohospodárska
Autres auteurs: Repiská, Radka, 1996-
Format: Livre
Langue:slovaque
Publié: Bratislava 2023
Tags: Ajouter un tag
Pas de tags, Soyez le premier à ajouter un tag!

MARC

LEADER 00000nbm a2200000 4500
001 0293596
005 20240415093450.0
041 0 |a slo 
044 |a SK 
245 1 0 |a Možnosti využitia sociálnych médií pri zvyšovaní záujmu o ekologické produkty  |b bakalárska práca  |c Bettina Baráthová ; školiteľ: Radka Repiská 
264 1 |a Bratislava  |c 2023 
300 |a 66 s. 
100 1 |a Baráthová, Bettina 
700 1 |a Repiská, Radka, 1996- 
710 2 |a Fakulta podnikového manažmentu EU. Katedra podnikovohospodárska